000 00306 a2200157 4500
001 178531
020 _a
040 _cMagnum
100 _aFlavio
240 1 0 _aRimas dos bichos
_lpor
245 1 0 _aRimas dos bichos
362 0 _a1899
440 1 _aLĂȘ
697 _aMAGNITO: I/ANIMAIS
942 _cBK
999 _c178531
_d178531